Central Library OPAC University of Rajshahi

Social indicators and public policy : (Record no. 35677)

MARC details
000 -LEADER
fixed length control field 00804nam a2200241 a 4500
001 - CONTROL NUMBER
control field 35677
003 - CONTROL NUMBER IDENTIFIER
rucl marc code BD-RjUL
005 - DATE AND TIME OF LATEST TRANSACTION
control field 20211209052348.0
008 - FIXED-LENGTH DATA ELEMENTS--GENERAL INFORMATION
fixed length control field 170125s1975 ne b 001 0 eng d
020 ## - INTERNATIONAL STANDARD BOOK NUMBER
International Standard Book Number 0444412794
035 ## - SYSTEM CONTROL NUMBER
System control number (BD-RjUL)35772
040 ## - CATALOGING SOURCE
Original cataloging agency DLC
Transcribing agency DLC
Modifying agency DLC
-- BD-RjUL
Language of cataloging eng
041 ## - LANGUAGE CODE
Language code of text/sound track or separate title eng
082 00 - DEWEY DECIMAL CLASSIFICATION NUMBER
Classification number 309.072
Author mark and year DES 1975
Edition number 23
100 1# - MAIN ENTRY--PERSONAL NAME
Personal name De Neufville, Judith Innes
9 (RLIN) 186540
245 10 - TITLE STATEMENT
Title Social indicators and public policy :
Remainder of title interactive processes of design and application /
Statement of responsibility, etc. Judith Innes De Neufville.
260 ## - PUBLICATION, DISTRIBUTION, ETC. (IMPRINT)
Place of publication, distribution, etc. Amsterdam ;
-- New York :
Name of publisher, distributor, etc. Elsevier Scientific Pub. Co.,
Date of publication, distribution, etc. c1975.
300 ## - PHYSICAL DESCRIPTION
Pagination xii, 311 p. ;
Size 24 cm.
504 ## - BIBLIOGRAPHY, ETC. NOTE
Bibliography, etc Bibliography: p. 248-267 & Includes indexes.
650 #0 - SUBJECT ADDED ENTRY--TOPICAL TERM
Topical term or geographic name as entry element Social indicators.
9 (RLIN) 108613
Topical term or geographic name as entry element Social policy.
9 (RLIN) 108614
942 ## - ADDED ENTRY ELEMENTS (KOHA)
Source of classification or shelving scheme Dewey Decimal Classification
Koha item type Books
Holdings
Lost status Source of classification or shelving scheme Damaged status Not for loan Collection code Permanent Location Current Location Shelving location Date acquired Source of acquisition Total Checkouts Full call number Date last seen Copy number Koha item type
  Dewey Decimal Classification   Not For Loan Non-fiction Central Library, University of Rajshahi Central Library, University of Rajshahi Reading Room 10/10/1980 Netherland   309.072 DES 1975 29/05/2014 C-1 Books
  Dewey Decimal Classification     Non-fiction Central Library, University of Rajshahi Central Library, University of Rajshahi   02/10/1980 Netherland   309.072 DES 1975 25/01/2017 C-2 Books